000 00421nam a2200169Ia 4500
005 20250923150326.0
008 008 250917s9999 xx 000 0 eng d
037 _aTextual
040 _aDSWL
_beng
_cDSWL
041 _aeng
_2eng
084 _qDSWL
245 0 _aManipur in the shadow AFSPA
_cEd.by H Dobhal
260 _aNew Delhi
_bHRLN
_c2009
300 _a280p.
942 _cTEXL
999 _c1462199
_d1462199